000 01005cam a22002415a 4500
001 E145215
008 080521s2008 xxk f 000 0 eng d
035 _a(Sirsi) u145215
041 0 _aeng
050 0 4 _a694.01 $2 18
110 2 _aTimber Research and Development Association
245 0 0 _aRecovering and minimising wood waste
260 _aHigh Wycombe
_bTRADA Technology
_c2008
300 _a6p.
_bill.
_c30cm.
490 0 _aWood Information Sheet
_v2/3(59) June 2008
505 2 _aWaste wood arisings -- Forms of wood waste -- Options for recovered waste wood -- The need to reduce landfill -- Disposal considerations -- Present and future markets for waste wood -- The development of a biomass market -- Future regulation of wood waste
520 _aDiscusses the types of wood waste and how these can be recovered and re-used.
521 _aAdvanced
590 _aKA
651 4 _aUnited Kingdom
_y
690 _aBUILT ENVIRONMENT-BUILDING MATERIALS-TIMBER-TIMBER AND WOOD
942 _n0
999 _c108729
_d108729